| 000 | 00531nam a2200193Ia 4500 | ||
|---|---|---|---|
| 003 | GCL | ||
| 008 | 140319s9999 xx 000 0 eng d | ||
| 040 |
_aGCL / _cGCL |
||
| 082 | 0 | 4 |
_a291.3509 _bW A |
| 100 | 1 | _aWILSON, COLIN | |
| 245 | 1 | 0 |
_aTHE ATLAS OF HOLY PLACES AND SACRED SITES / _cWILSON, COLIN |
| 260 |
_a[S.N] : _bDORLING KINDERSLEY ، _c1996 |
||
| 300 | _a192 P | ||
| 650 | 0 | 4 | _aATLASES |
| 650 | 0 | 4 | _aSACRED SPACE - GUIDE BOOKS |
| 650 | 0 | 4 | _aSHRINES - GUIDE BOOKS |
| 650 | 0 | 4 | _aPLACES - GUIDE BOOKS |
| 942 |
_2ddc _cBK |
||
| 999 |
_c25128 _d25128 |
||